000 00543nam a2200181 i 4500
001 bg
003 KOSZ 005
005 20200701085228.0
008 s pl f |000 0 pol
040 _cBPK
041 _apol
100 1 _aPazdro, Krzysztof Maciej
_d(1941-2016)
_eAutor
245 0 _aChemia dla kandydatów na wyższe uczelnie /
_cK.H. Pazdro.
250 _aWyd.2.
260 _aWarszawa,
_c1982.
856 _uhttp://koha.tu.koszalin.pl/cgi-bin/koha/opac-detail.pl?biblionumber=2295
_yKatalog online BPK
942 _cKS
_2UKD
999 _c2295
_d2295